000
00429nam a2200145Ia 4500
008
090124s9999 xx 000 0 und d
082
_b
301309
245
_a
दुर गेलेले घर
250
_a
2
260
_b
तांबोळी लक्ष्मीकांत
_c
1985
300
_a
131
630
_a
दुर गेलेले घर
730
_a
दुर गेलेले घर
942
_c
BOOK
999
_c
190863
_d
190863